[Event "Alekhine op"]
[Site "Smolensk"]
[Date "1992.??.??"]
[Round "1"]
[White "Svirin, O."]
[Black "Mitenkov, Alexey"]
[Result "0-1"]
[WhiteElo "2335"]
[BlackElo "2420"]

1.Nf3 Nf6 2.c4 e6 3.Nc3 c5 4.g3 b6 5.Bg2 Bb7 6.O-O Be7 7.d4 cxd4 8.Qxd4 d6
9.Bg5 a6 10.Rfd1 Nbd7 11.Nd2 Bxg2 12.Kxg2 Qc7 13.Nde4 Qc6 14.f3 O-O 15.Nxd6 Bxd6
16.Qxd6 Qxc4 17.Rd4 Qc8 18.e4 h6 19.Bxf6 Nxf6 20.Rad1 Ra7 21.e5 Ne8 22.Qxb6 Rb7
23.Rd8 Qc7 24.Qxc7 Rxb2+ 25.R1d2 Rxd2+ 26.Rxd2 Nxc7 27.Rb2 Rd8 28.Kf2 Rd3
29.Ne4 Ra3 30.Nd6 g5 31.Nc4 Rc3 32.Ne3 Ra3 33.h4 gxh4 34.gxh4 h5 35.Nc4 Ra4
36.Rc2 Nd5 37.a3 Kg7 38.Ke2 Kg6 39.Kd3 Kf5 40.Rb2 Kf4 41.Rb7 Kxf3 42.Rxf7+ Kg3
43.Rb7 Kxh4 44.Kd4 Kg5 45.Kc5 h4 46.Rg7+ Kh6 47.Rg8 Nf4 48.Rg4 Ng6 49.Rg1 Kh5
50.Rh1 Nf4 51.Kd4 Nd5 52.Kc5 Kg4 53.Rd1 Kf4 54.Rf1+ Kg3 55.Rg1+ Kh2 56.Rg6 Nf4
57.Rg4 Ng2 58.Rg6 Nf4 59.Rg4 Nd3+ 60.Kd6 h3 61.Re4 Nf2  0-1

[Event "Stare Mesto op"]
[Site "Stare Mesto"]
[Date "1992.??.??"]
[Round "?"]
[White "Belov, Igor"]
[Black "Zhidkov, Valery S"]
[Result "1/2-1/2"]
[WhiteElo "2440"]
[BlackElo "2415"]

1.Nf3 Nf6 2.c4 e6 3.Nc3 c5 4.g3 b6 5.Bg2 Bb7 6.O-O Be7 7.d4 cxd4 8.Qxd4 O-O
9.Bg5 h6 10.Bxf6 Bxf6 11.Qd2 Qc8 12.Nb5 Qxc4 13.Ne5 Qxb5 14.Bxb7 Qxe5 15.Bxa8 Qxb2
16.Qxb2 Bxb2 17.Rab1 Ba3 18.Rb3 Bc5 19.Bg2  1/2-1/2

[Event "FRA-ch"]
[Site "Strasbourg"]
[Date "1992.??.??"]
[Round "7"]
[White "Renet, Olivier"]
[Black "Hauchard, Arnaud"]
[Result "1/2-1/2"]
[WhiteElo "2530"]
[BlackElo "2430"]

1.c4 c5 2.Nf3 Nf6 3.Nc3 b6 4.e4 d6 5.d4 cxd4 6.Nxd4 Bb7 7.f3 e6 8.Be2 a6
9.O-O Nbd7 10.Be3 Be7 11.a4 O-O 12.a5 bxa5 13.Nb3 Rb8 14.Nxa5 Ba8 15.Qd2 Nc5
16.Rfb1 Qc8 17.b4 Nb7 18.Nb3 d5 19.c5 dxe4 20.fxe4 a5 21.Nxa5 Nxa5 22.Rxa5 Nxe4
23.Qc2 Nf6 24.Ra7 Re8 25.Ba6 Qc6 26.b5 Qxc5 27.Bxc5 Bxc5+ 28.Kh1 Bxa7 29.h3 Nh5
30.Ne2  1/2-1/2

[Event "Subotica Palic"]
[Site "Subotica"]
[Date "1992.??.??"]
[Round "?"]
[White "Drasko, Milan"]
[Black "Marinkovic, Slavisa"]
[Result "1-0"]
[WhiteElo "2525"]
[BlackElo "2415"]

1.Nf3 Nf6 2.c4 c5 3.Nc3 b6 4.g3 Bb7 5.Bg2 g6 6.d4 cxd4 7.Qxd4 Bg7 8.O-O d6
9.Be3 Nbd7 10.Rac1 Rc8 11.b3 O-O 12.Qd2 Nc5 13.Rfd1 Nfe4 14.Nxe4 Nxe4 15.Qe1 Qd7
16.Nd4 Nf6 17.f3 d5 18.Qf1 e6 19.Nb5 Bc6 20.a4 Qe7 21.Rd2 dxc4 22.bxc4 Bxb5
23.axb5 Qb4 24.Rdc2 Rfd8 25.Rb1 Qa3 26.Qc1 Qxc1+ 27.Rbxc1 Nd7 28.Ra2 Rc7
29.Rd1 Rdc8 30.f4 Nc5 31.Rd6 Bf6 32.g4 h6 33.f5 Be5 34.Rc6 Rxc6 35.bxc6 a5
36.fxg6 fxg6 37.Bxh6 Rd8 38.e3 Rd1+ 39.Kf2 Na6 40.Bf4 Bxf4 41.exf4 Rd8 42.Ke3 Kf7
43.h4 Nb4 44.Rd2 Rxd2 45.Kxd2 Na6 46.Kc3 Kf6 47.Be4 Nc7 48.Bc2  1-0

[Event "SWZ-ch int"]
[Site "?"]
[Date "1992.??.??"]
[Round "10"]
[White "Wirthensohn, Heinz"]
[Black "Summermatter, Daniel"]
[Result "1/2-1/2"]
[WhiteElo "2395"]
[BlackElo "2350"]

1.Nf3 Nf6 2.c4 e6 3.Nc3 c5 4.g3 Be7 5.Bg2 a6 6.O-O Qc7 7.b3 d6 8.d4 cxd4
9.Qxd4 O-O 10.Bb2 Rd8 11.Rfd1 Nbd7 12.Rac1 Nf8 13.Na4 Rb8 14.Qb6 Qxb6 15.Nxb6 Bd7
16.Nxd7 N8xd7 17.Nd4 g6 18.b4 Rdc8 19.Nb3 Rc7 20.Na5 Rbc8 21.Bxb7 Rb8 22.Bxa6 Rxb4
23.Bxf6 Nxf6 24.Bb5 Rb2 25.a4 d5 26.cxd5 Nxd5 27.Nc6 Bf6 28.Rb1 Rxb1 29.Rxb1 Nc3
30.Rb3 Nxe2+ 31.Bxe2 Rxc6 32.a5 Rc2 33.a6 Bd4 34.Kf1 Ra2 35.Rb4 Bc5 36.Rc4 Bb6
37.g4 g5 38.Rb4 Ba7 39.Rb7 Bd4 40.Rd7 Bc5 41.h3 h6 42.Rc7  1/2-1/2

[Event "Sydney op"]
[Site "Sydney"]
[Date "1992.??.??"]
[Round "9"]
[White "Sandler, Leonid"]
[Black "Gedevanishvili, Dmitry"]
[Result "1/2-1/2"]
[WhiteElo "2315"]
[BlackElo "2385"]

1.c4 Nf6 2.Nc3 c5 3.Nf3 e6 4.g3 b6 5.Bg2 Bb7 6.O-O Be7 7.Re1 O-O 8.e4 d6
9.d4 cxd4 10.Nxd4 Qc8 11.Be3 a6 12.Rc1 Nbd7 13.h3 Qc7 14.g4 g6 15.Nde2 Rac8
16.Ng3 Ne5 17.b3 Rfe8 18.f4 Nc6 19.g5 Nd7 20.Nd5 exd5 21.cxd5 Qd8 22.dxc6 Bxc6
23.h4 Bb7 24.Qg4 Rxc1 25.Rxc1 Bf8 26.Bd4 Nc5 27.f5 d5 28.Bf6 Qd6 29.Rd1 Nd7
30.Bd4 dxe4 31.fxg6 hxg6 32.Nxe4 Bxe4 33.Bxe4 Qb4 34.Bd5 Ne5 35.Qe4 Bc5 36.Kg2 Bxd4
37.Qxd4 Qb5 38.Re1 Qc5 39.Qxc5 bxc5 40.Re4 Kg7 41.Ra4 Rd8 42.Bb7 c4 43.bxc4 Rd4
44.Kg3 Nd7 45.Ra5 Rxc4 46.Bxa6 Rc3+ 47.Kg2 Nc5 48.Bb5 Ne4 49.Bd7 f5 50.Ra7 Kf8
51.Be6 Rg3+ 52.Kh2 Rg4 53.Rf7+ Ke8 54.Rh7 Nd2 55.Bd5 f4 56.Kh3 Rg3+ 57.Kh2 Rg4
58.Kh3 Rg3+ 59.Kh2 Rg4 60.Kh3 Rg3+  1/2-1/2

[Event "Tashkent"]
[Site "Tashkent"]
[Date "1992.??.??"]
[Round "?"]
[White "Serper, Grigory"]
[Black "Nenashev, Alexander"]
[Result "1/2-1/2"]
[WhiteElo "2575"]
[BlackElo "2510"]

1.c4 c5 2.Nf3 Nf6 3.Nc3 e6 4.g3 d5 5.cxd5 exd5 6.d4 Nc6 7.Bg2 Be7 8.O-O O-O
9.b3 Ne4 10.Bb2 Bf6 11.Na4 cxd4 12.Nxd4 Bd7 13.Rc1 Qe7 14.Nxc6 Bxc6 15.Bd4 Rfc8
16.Qd3 h6 17.Rfd1 Bxd4 18.Qxd4 Qa3 19.Bh3 Re8 20.Rc2 Nf6 21.Qc5 Qxc5 22.Nxc5 a5
23.Rd4 g5 24.Bf5 Kg7 25.Na4 Ne4 26.Nb6 Rad8 27.f3 Nd6 28.Bd3 Nc8 29.Nxc8 Rxc8
30.Kf2 Kf8 31.Bf5 Ra8 32.g4 Ke7 33.e4 Red8 34.exd5 Rxd5 35.Rxd5 Bxd5 36.Rc7+ Kd6
37.Rd7+ Kc6 38.Re7 a4 39.bxa4 Rxa4 40.Be4 Rxa2+ 41.Kg3 Kd6 42.Bxd5 Kxd5 43.Rxb7 f6
44.Rh7 Ke5 45.Rxh6 Ra1 46.Rh8 Ke6 47.Re8+ Kf7 48.Rb8 Kg6 49.Rb2 Ra3 50.Rb5 Rc3
51.Rf5 Ra3 52.h4 gxh4+ 53.Kxh4 Rb3 54.Kg3 Ra3 55.Rf4 Ra6 56.Rf5 Ra3 57.Rb5 Rc3
58.Kf4 Rc4+ 59.Ke3 Rc3+ 60.Ke4 Rc4+ 61.Kd3 Ra4 62.Rd5 Ra3+ 63.Ke4 Ra4+ 64.Rd4 Rxd4+
65.Kxd4 f5  1/2-1/2

[Event "Tashkent"]
[Site "Tashkent"]
[Date "1992.??.??"]
[Round "?"]
[White "Serper, Grigory"]
[Black "Kaiumov, Dmitry D"]
[Result "1-0"]
[WhiteElo "2575"]
[BlackElo "2385"]

1.c4 Nf6 2.Nc3 c5 3.Nf3 e6 4.g3 Nc6 5.Bg2 d5 6.cxd5 Nxd5 7.O-O Be7 8.d4 O-O
9.Nxd5 exd5 10.dxc5 Bxc5 11.a3 Bf5 12.b4 Bb6 13.Ra2 Be4 14.Rd2 Qe7 15.Bb2 Rfd8
16.Qa1 f6 17.Rfd1 a6 18.Qa2 Kh8 19.Nh4 d4 20.Qb3 Bxg2 21.Kxg2 Rd7 22.Qf3 Rad8
23.Qh5 Kg8 24.Ba1 g6 25.Qf3 Ne5 26.Qb3+ Qf7 27.Qxf7+ Kxf7 28.Rc1 Ke6 29.Nf3 Nxf3
30.Kxf3 d3 31.Re1 Kf7 32.Red1 Rd5 33.exd3 a5 34.Bc3 Rc8 35.bxa5 Rxc3 36.axb6 Rb5
37.a4 Rxb6 38.Re1 Rb4 39.Re4 Rxe4 40.Kxe4 Ra3 41.Rb2 Rxa4+ 42.d4 Ra7 43.h4 h5
44.Rb6 Ke7 45.f3 Kf7 46.g4 hxg4 47.fxg4 Kg7 48.g5 fxg5 49.hxg5 Kf7 50.Ke5 Kg7
51.Ke6 Ra4 52.Rxb7+ Kg8 53.d5 Re4+ 54.Kf6 Rd4 55.Kxg6 Kf8 56.Rf7+ Ke8 57.Rf5  1-0

[Event "Tilburg"]
[Site "Tilburg"]
[Date "1992.??.??"]
[Round "2"]
[White "Lautier, Joel"]
[Black "Ulibin, Mikhail"]
[Result "1/2-1/2"]
[WhiteElo "2580"]
[BlackElo "2570"]

1.c4 c5 2.Nf3 Nf6 3.Nc3 e6 4.d4 cxd4 5.Nxd4 Bb4 6.g3 O-O 7.Bg2 d5 8.cxd5 Nxd5
9.Bd2 Nb6 10.Nc2 Be7 11.Ne3 Nc6 12.O-O Nd4 13.Rc1 e5 14.Re1 Rb8 15.Ncd5 Nxd5
16.Nxd5 Be6 17.e4 Bg5 18.Bxg5 Qxg5 19.f4 Qd8 20.fxe5 Nc6 21.Qd2 Nxe5 22.Kh1 Kh8
23.Qd4 f6 24.Rc3 b6 25.Rec1 Rf7 26.Qb4 Rc8 27.Nf4 Rxc3 28.Qxc3 Bg4 29.h3 Bd7
30.Qb3 Qe8 31.Nd5 Bc6 32.Kh2 h5 33.Rc3 Rd7 34.Qb4 Qb8 35.Qd4 Qd6 36.Qf2 Rd8
37.Qc2 Rd7 38.a3 Bb7 39.Qa4 Bc6 40.Qa6 Bb7 41.Qf1  1/2-1/2

[Event "Tilburg rapid"]
[Site "Tilburg"]
[Date "1992.??.??"]
[Round "4"]
[White "Georgiev, Kiril"]
[Black "Lobron, Eric"]
[Result "1-0"]
[WhiteElo "2610"]
[BlackElo "2625"]

1.Nf3 Nf6 2.c4 e6 3.Nc3 c5 4.g3 d5 5.cxd5 exd5 6.d4 Nc6 7.Bg2 h6 8.O-O Be6
9.Bf4 Rc8 10.Rc1 c4 11.Ne5 Bb4 12.Qa4 Bxc3 13.bxc3 O-O 14.Nxc6 bxc6 15.Rb1 Qd7
16.Qb4 Bh3 17.Qd6 Qxd6 18.Bxd6 Bxg2 19.Kxg2 Rfe8 20.Rb2 Ne4 21.Bb4 Rb8 22.Rfb1 Rb7
23.Ba5 Rxb2 24.Rxb2 Nd6 25.a4 g5 26.g4 Rc8 27.f3 f5 28.h3 Kf7 29.Bb4 Rb8
30.Rc2 Nb7 31.gxf5 Re8 32.a5 a6 33.Kf2 Kf6 34.Rc1 Kxf5 35.Rg1 h5 36.Re1 Re6
37.Rb1 Re8 38.Rg1 Nd8 39.Bd6 Nf7 40.Bh2 Nh6 41.Rb1 g4 42.hxg4+ hxg4 43.Rb6 gxf3
44.exf3 Nf7 45.Rxc6 Ng5 46.Be5 Ne6 47.Rxa6  1-0

[Event "Tomo Zupan op"]
[Site "Tomo Zupan"]
[Date "1992.??.??"]
[Round "?"]
[White "Dezelak, B."]
[Black "Osterman, Rudolf"]
[Result "1/2-1/2"]
[WhiteElo "2150"]
[BlackElo "2370"]

1.Nf3 Nf6 2.c4 c5 3.Nc3 e6 4.e3 d5 5.d4 Nc6 6.cxd5 exd5 7.Be2 Be7 8.O-O O-O
9.b3 Ne4 10.Bb2 Bf6 11.Na4 Bg4 12.h3 Bh5 13.dxc5 Bxb2 14.Nxb2 Qf6 15.Nd3 g5
16.Nd4 Nc3 17.Qd2 Nxe2+ 18.Nxe2 Rad8 19.Qc3 d4 20.Nxd4 Nxd4 21.exd4 Rxd4
22.Nb4 Qd8 23.Nc2 Rd3 24.Qb4 Qd7 25.Ne3 f5 26.Qc4+ Kh8 27.Rfe1 Rd8 28.Nf1 Bf7
29.Qc2 f4 30.Qe2 Kg8 31.Qe7 h6 32.Qxd7 R8xd7 33.Nh2 Bh5 34.Ng4 Bxg4 35.hxg4 Kf7
36.Rac1 Rd2 37.c6 bxc6 38.Rxc6 Rxa2 39.Rxh6 Rdd2 40.Ree6 Rxf2  1/2-1/2

[Event "Toronto op3"]
[Site "Toronto"]
[Date "1992.??.??"]
[Round "5"]
[White "Hergott, Deen"]
[Black "Spraggett, Grant"]
[Result "1/2-1/2"]
[WhiteElo "2410"]
[BlackElo "2275"]

1.Nf3 Nf6 2.c4 g6 3.Nc3 c5 4.d4 cxd4 5.Nxd4 Bg7 6.e4 Nc6 7.Be3 O-O 8.Be2 d6
9.O-O Bd7 10.Qd2 Re8 11.f3 a6 12.Rfd1 Rb8 13.a4 b6 14.Bf1 Nxd4 15.Bxd4 Bc6
16.e5 dxe5 17.Bxe5 Qxd2 18.Rxd2 Ne4 19.Bxb8 Nxd2 20.Bg3 Nb3 21.Ra3 Bxc3 22.bxc3 Nd2
23.Be2 e5 24.Kf2 f6 25.Ke1 Rd8 26.Bf2 e4 27.f4 e3 28.Bxe3 Ne4 29.Bd4 Rb8
30.Bf3 f5 31.Rb3 Bxa4 32.Rxb6 Rxb6 33.Bxb6 Kf7 34.Ke2 Ke6 35.Kd3 Kd6 36.Kd4 Bc6
37.c5+ Ke6 38.Be2 Nf6 39.Bc4+ Ke7 40.g3 Ng4 41.h3 Nf6 42.Bxa6 Nh5 43.Ke5 Nxg3
44.Bc7 Ne4 45.Bd6+ Ke8 46.Bc4 Nf2 47.Bg8 h6 48.Ke6 g5 49.Bf7+ Kd8 50.fxg5 hxg5
51.Be7+ Kc7 52.Kxf5 Nxh3 53.Bxg5 Nxg5 54.Kxg5 Ba4 55.Bd5 Bc2 56.Kf4 Bd1 57.Ke5  1/2-1/2

[Event "Valencia op"]
[Site "Valencia"]
[Date "1992.??.??"]
[Round "8"]
[White "Mompo Ballester, Vicente"]
[Black "Kovacevic, Slobodan"]
[Result "0-1"]
[WhiteElo "2255"]
[BlackElo "2395"]

1.c4 c5 2.Nc3 b6 3.Nf3 Nf6 4.g3 Bb7 5.Bg2 e6 6.O-O a6 7.d4 cxd4 8.Qxd4 d6
9.Bg5 Be7 10.Rfd1 Nbd7 11.e4 O-O 12.Bxf6 gxf6 13.Rac1 Rc8 14.b3 Qc7 15.Qe3 Rfd8
16.Nd4 Bf8 17.Qf4 Ba8 18.Qg4+ Kh8 19.Qh4 Qc5 20.Nd5 exd5 21.exd5 Bg7 22.Qh5 Ne5
23.Nf5 Re8 24.Rd4 Ng6 25.Rg4 Re2 26.Rf1 Rce8 27.Ne3 Re5 28.Qh3 Bb7 29.Be4 Bc8
30.Bf5 Bxf5  0-1

[Event "NOR-chT"]
[Site "Vettre"]
[Date "1992.??.??"]
[Round "4"]
[White "Egeli, Per Ove"]
[Black "Agdestein, Espen"]
[Result "0-1"]
[WhiteElo "2210"]
[BlackElo "2330"]

1.c4 Nf6 2.Nf3 c5 3.Nc3 e6 4.g3 b6 5.Bg2 Bb7 6.O-O d6 7.d4 cxd4 8.Qxd4 a6
9.b3 Nbd7 10.Rd1 Be7 11.Bb2 O-O 12.Ng5 Bxg2 13.Kxg2 Qc7 14.Rac1 Qb7+ 15.f3 Rac8
16.Nge4 Ne8 17.Qd3 h6 18.Ba3 Rc6 19.e3 Ne5 20.Qe2 d5 21.Bxe7 dxe4 22.f4 Qxe7
23.fxe5 Qg5 24.Qc2 Qxe5 25.Qxe4 Qc7 26.Rd2 b5 27.Ne2 Nf6 28.Qd4 e5 29.Qd3 Rc8
30.Rdc2 h5 31.h3 g6 32.e4 Rc5 33.Kf3 Kg7 34.Qe3 Qd7 35.Kg2 R8c7 36.Rc3 bxc4
37.Rxc4 Rxc4 38.bxc4 Qa4 39.Qc3 Rc5 40.Kf3 Qxa2 41.Ra1 Qxc4 42.Qxc4 Rxc4
43.Rxa6 Nxe4  0-1

[Event "Viernheim"]
[Site "Viernheim"]
[Date "1992.??.??"]
[Round "7"]
[White "Stromer, Alexander"]
[Black "Schmidt, Stefan"]
[Result "0-1"]
[WhiteElo "2240"]
[BlackElo "2290"]

1.Nf3 Nf6 2.c4 c5 3.Nc3 g6 4.d4 Bg7 5.e4 O-O 6.Be2 d6 7.O-O b6 8.d5 Na6 9.Re1 Nc7
10.h3 Nfe8 11.Bf4 e5 12.dxe6 fxe6 13.Bg5 Qd7 14.e5 d5 15.Qc2 d4 16.Ne4 Na6
17.a3 Qc7 18.Bd3 Nb8 19.Bh4 Nc6 20.Neg5 Bh6 21.Re4 Ne7 22.Rg4 Nf5 23.Re1 a5
24.Ne4 Bg7 25.Bg3 Bb7 26.Nf6+ Bxf6 27.exf6 Qc8 28.f7+ Rxf7 29.Ng5 Nf6 30.Nxf7 Kxf7
31.Be5 Nxg4 32.hxg4 Ne7 33.Qd2 Qf8 34.Qg5 Ng8 35.Be4 Bxe4 36.Rxe4 Qh6 37.Rf4+ Ke8
38.Qxh6 Nxh6 39.Bg7 Nf7 40.Re4 Ke7 41.b4 axb4 42.axb4 Rg8 43.Be5 Nxe5 44.Rxe5 Kd6
45.Re4 Ra8 46.g5 Ra4 47.bxc5+ bxc5 48.Rh4 Rxc4 49.Rxh7 d3 50.Rh8 Rd4 51.Rd8+ Ke5
52.f4+ Kxf4  0-1

[Event "Warsaw op"]
[Site "Warsaw"]
[Date "1992.??.??"]
[Round "11"]
[White "Adamski, Jan"]
[Black "Wiech, Grzegorz"]
[Result "1-0"]
[WhiteElo "2375"]
[BlackElo "2245"]

1.Nf3 c5 2.c4 Nf6 3.Nc3 d5 4.cxd5 Nxd5 5.g3 Nc6 6.Bg2 Nc7 7.O-O e5 8.a3 Be7
9.b4 O-O 10.bxc5 Bxc5 11.Bb2 Re8 12.Ne4 Bb6 13.d3 Bg4 14.Rc1 Rc8 15.Rxc6 bxc6
16.Nxe5 Bd7 17.Nd6 Rb8 18.Nxe8 Bxe8 19.Qc2 Ne6 20.e3 Qd6 21.Rc1 Rd8 22.d4 c5
23.Nc4 Qd7 24.d5 Nc7 25.e4 f6 26.f4 Bf7 27.a4 Ne8 28.a5 Bc7 29.Rd1 Nd6 30.Nxd6 Bxd6
31.e5 fxe5 32.fxe5 Bf8 33.Be4 h6 34.Bf3 Qb5 35.Bc3 c4 36.e6 Be8 37.Qf5 Qb3
38.Rc1 Qa3 39.Rc2 Ba4 40.Be4 Qc5+ 41.Rf2  1-0

[Event "Wisla BES op"]
[Site "Wisla"]
[Date "1992.??.??"]
[Round "5"]
[White "Appolonov, Sergei"]
[Black "Skrobek, Ryszard"]
[Result "0-1"]
[WhiteElo "2305"]
[BlackElo "2410"]

1.Nf3 c5 2.c4 Nf6 3.Nc3 d5 4.cxd5 Nxd5 5.e3 e6 6.d4 cxd4 7.exd4 Bb4 8.Bd2 Nc6
9.Bd3 O-O 10.O-O Nf6 11.Bg5 Be7 12.Rc1 b6 13.Bxf6 Bxf6 14.Be4 Bb7 15.Qa4 Rc8
16.Rfd1 Qe8 17.Qc2 g6 18.Qe2 Bg7 19.Nb5 Qe7 20.Qe3 Rfd8 21.Rc3 a6 22.Rdc1 Qd7
23.Bxc6 Rxc6 24.Na3 Bxd4 25.Nxd4 Qxd4 26.Qxd4 Rxd4 27.f3 Rxc3 28.Rxc3 Rd1+
29.Kf2 Rd2+ 30.Kg3 Rxb2 31.Nc4 Rb1 32.Nd6 Bd5 33.Rc8+ Kg7 34.Rc7 e5 35.a3 Rb3
36.Ne8+ Kh6 37.a4 Rb4 38.Nf6 Be6 39.Rc6 Kg7 40.Ne8+ Kf8 41.Nc7 Bd7 42.Rc2 Ke7
43.Rd2 Bc6 44.a5 bxa5 45.Nxa6 Rc4 46.Nb8 a4 47.Rb2 Kd6 48.Na6 a3 49.Rd2+ Rd4
50.Ra2 Ra4 51.Rd2+ Bd5  0-1

[Event "Oberliga Wuert9192"]
[Site "Wuerttemberg"]
[Date "1992.??.??"]
[Round "?"]
[White "Gabriel, Josef"]
[Black "Link, Ulrich"]
[Result "1/2-1/2"]
[WhiteElo "2315"]
[BlackElo "2235"]

1.c4 c5 2.Nc3 e6 3.Nf3 Nf6 4.g3 b6 5.Bg2 Bb7 6.O-O Be7 7.d3 O-O 8.Bd2 d5
9.Ne5 Nbd7 10.Nxd7 Qxd7 11.cxd5 Nxd5 12.Nxd5 Bxd5 13.Bxd5 Qxd5 14.Qc2  1/2-1/2

[Event "Wuerzburg op"]
[Site "Wuerzburg"]
[Date "1992.??.??"]
[Round "?"]
[White "Adamski, Jan"]
[Black "Jurek, Josef"]
[Result "1/2-1/2"]
[WhiteElo "2375"]
[BlackElo "2315"]

1.Nf3 Nf6 2.c4 c5 3.Nc3 e6 4.g3 b6 5.Bg2 Bb7 6.O-O Be7 7.d4 cxd4 8.Qxd4 d6
9.Bg5 a6 10.Bxf6 Bxf6 11.Qd3 Ra7 12.Rad1 Be7 13.Nd4 Bxg2 14.Kxg2 O-O 15.f4 Qc8
16.f5 Nc6 17.fxe6 fxe6 18.Rxf8+ Bxf8 19.Nf3 Be7 20.Ne4 Nb4 21.Nxd6 Qc6 22.Qe3 Bf6
23.Qxe6+ Kf8 24.Qf5 Rd7 25.a3 Rxd6 26.Rxd6 Qxd6 27.axb4 Qxb4 28.Qc8+ Ke7
29.Qxa6 Qxb2 30.Qb7+ Kd6 31.Qd5+ Kc7 32.Kf2 h6 33.Qf7+ Kc6 34.Qd5+ Kc7 35.c5 bxc5
36.Qxc5+ Kd7 37.h4 Ke6 38.g4 Kf7 39.g5 hxg5 40.hxg5 Bc3 41.Kg3 g6 42.Qc7+ Kg8
43.Qc8+ Kf7 44.Qd7+ Kg8 45.Qe6+ Kg7 46.e4 Qa3 47.Qd7+ Kf8 48.Qc8+ Ke7 49.Qc7+ Kf8
50.e5 Be1+ 51.Kg4 Qb4+ 52.Kh3 Qe4 53.Qd8+ Kg7 54.Qf6+ Kh7 55.Nxe1 Qh1+ 56.Kg4 Qg1+
57.Kf4 Qxe1 58.Qf7+ Kh8 59.Qf8+ Kh7 60.Qh6+ Kg8 61.Qxg6+ Kh8 62.Qf6+ Kg8
63.g6 Qe4+  1/2-1/2

[Event "Wuerzburg op"]
[Site "Wuerzburg"]
[Date "1992.??.??"]
[Round "?"]
[White "Ksieski, Zbigniew"]
[Black "Bogdanovich, Grigory"]
[Result "1/2-1/2"]
[WhiteElo "2335"]
[BlackElo "2430"]

1.c4 c5 2.Nc3 Nf6 3.Nf3 b6 4.e4 Bb7 5.Qe2 Nc6 6.g3 e5 7.d3 Nd4 8.Nxd4 cxd4
9.Nd5 Bxd5 10.exd5 Bb4+ 11.Kd1 Bd6 12.g4 O-O 13.Bg2 a6 14.Bg5 Rc8 15.Be4 Be7  1/2-1/2

[Event "Zalaegerszeg op"]
[Site "Zalaegerszeg"]
[Date "1992.??.??"]
[Round "?"]
[White "Vadasz, Laszlo"]
[Black "Bilek, Istvan"]
[Result "1/2-1/2"]
[WhiteElo "2305"]
[BlackElo "2360"]

1.Nf3 Nf6 2.c4 c5 3.Nc3 g6 4.g3 Bg7 5.Bg2 O-O 6.O-O Nc6 7.d4 cxd4 8.Nxd4 Ng4
9.e3 Nh6 10.Nde2 d6 11.b3 Bg4  1/2-1/2

[Event "Zalakaros op"]
[Site "Zalakaros"]
[Date "1992.??.??"]
[Round "2"]
[White "Horvath, Gyula"]
[Black "Horvath, Tamas"]
[Result "1/2-1/2"]
[WhiteElo "2405"]
[BlackElo "2410"]

1.Nf3 c5 2.c4 Nf6 3.Nc3 e6 4.e3 Nc6 5.d4 d5 6.cxd5 Nxd5 7.Bd3 cxd4 8.exd4 Be7
9.O-O O-O 10.Re1 Bf6 11.Be4 Nce7 12.Bc2 Bd7 13.Ne4 Ng6 14.Nxf6+ Nxf6 15.Ne5 Nd5  1/2-1/2

[Event "Aachen op"]
[Site "Aachen"]
[Date "1993.??.??"]
[Round "4"]
[White "Serrer, Christoph"]
[Black "Donchenko, Anatoly G"]
[Result "1/2-1/2"]
[WhiteElo "2275"]
[BlackElo "2405"]

1.Nf3 c5 2.c4 Nf6 3.Nc3 b6 4.g3 Bb7 5.Bg2 g6 6.b3 Bg7 7.Bb2 O-O 8.O-O d6
9.e3 Nbd7 10.d4 Ne4 11.Nxe4 Bxe4 12.Qe2 a6 13.Rfd1 Rb8 14.Bh3 Bb7 15.Rac1 b5
16.Bg2 bxc4 17.Rxc4 Qa5 18.Ba1 Bc6 19.Rc2 Be4 20.Rc4 Bc6 21.Rc2 Rfc8 22.Bc3 Qa3
23.Qd2 Nf6 24.Bb2 Qb4  1/2-1/2

[Event "Alcobendas op"]
[Site "Alcobendas"]
[Date "1993.??.??"]
[Round "3"]
[White "Gonzalez Aguirre, Luis"]
[Black "Elguezabal Varela, Daniel"]
[Result "0-1"]
[WhiteElo "2300"]
[BlackElo "2300"]

1.Nf3 c5 2.c4 Nf6 3.Nc3 e6 4.g3 b6 5.Bg2 Bb7 6.O-O Be7 7.d4 cxd4 8.Qxd4 d6
9.Rd1 a6 10.Ng5 Bxg2 11.Kxg2 Nc6 12.Qf4 O-O 13.b3 Ra7 14.Ba3 Rd7 15.Nge4 Ne8
16.h4 h6 17.Rac1 Qb8 18.Nd2 Ne5 19.Nf3 b5 20.cxb5 axb5 21.Bb2 Nxf3 22.Qxf3 d5
23.Qd3 Nd6 24.Rc2 Rfd8 25.Rdc1 d4 26.Qxd4 Nc4 27.Qe4 Nxb2 28.Rxb2 Ba3 29.Rcc2 Bxb2
30.Rxb2 b4 31.Na4 Rd4 32.Qf3 Qc7 33.Qe3 Qc6+ 34.f3 Rd1 35.Nc5 Qb6 36.Qf2 R8d2
37.Nd3 Qd6 38.Rxd2 Rxd2 39.Qe3 Rxa2 40.Qe4 Ra1 41.Qxb4 Qxb4 42.Nxb4 Rb1 43.Nd3 Rxb3
44.h5 Kf8 45.Kf2 Ke7 46.g4 Kd6 47.Nf4 Ke5 48.Nd3+ Kd4 49.Nf4 e5 50.Ng2 e4
51.Nh4 e3+ 52.Kg3 Kc3 53.f4 Kd2 54.Kf3 Rb1 55.Nf5 Rf1+ 56.Ke4 Re1 57.Nxg7 Kxe2
58.Nf5 Kf2 59.Nxe3 Rxe3+ 60.Kf5 Kg3 61.g5 hxg5 62.Kxg5 Re8 63.f5 Rh8  0-1

[Event "Alcobendas op"]
[Site "Alcobendas"]
[Date "1993.??.??"]
[Round "7"]
[White "Elguezabal Varela, Daniel"]
[Black "Lozano, Luis Miguel"]
[Result "1-0"]
[WhiteElo "2300"]
[BlackElo "2100"]

1.Nf3 Nf6 2.c4 c5 3.Nc3 g6 4.g3 b6 5.Bg2 Bb7 6.O-O Bg7 7.d4 cxd4 8.Qxd4 Nc6
9.Qf4 Rc8 10.Rb1 O-O 11.e4 d6 12.b3 Nb4 13.Bd2 Nd3 14.Qe3 Nc5 15.Ne1 Qc7
16.Nc2 Qb8 17.Nd5 Nxd5 18.exd5 Rce8 19.Nd4 e5 20.dxe6 Bxg2 21.Kxg2 Nxe6 22.Nxe6 fxe6
23.Qe4 Qd8 24.Bb4 d5 25.Qd3 Rf7 26.Rbd1 Rd7 27.Rfe1 Qa8 28.Kg1 d4 29.Re4 e5
30.Rde1 Red8 31.h4 Rf7 32.Rd1 Qc6 33.Qe2 Qf6 34.Rd3 Qf5 35.Kg2 h5 36.a4 Kh7
37.c5 bxc5 38.Bxc5 Rdd7 39.b4 Kg8 40.a5 Kh7 41.Rf3 Qe6 42.Rxf7 Qxf7 43.Qd3 Qd5
44.Kg1 Rf7 45.Re2 Rd7 46.f3 Bh6 47.Kg2 Be3 48.Rxe3 dxe3 49.Qxd5 Rxd5 50.Bxa7 Rd6
51.b5 Rd5 52.b6 Rd1 53.b7 e2 54.Bf2 Rd2 55.Be1  1-0

[Event "Altensteig-B"]
[Site "Altensteig"]
[Date "1993.??.??"]
[Round "8"]
[White "Schmitt, Axel"]
[Black "Panzalovic, Srdjan"]
[Result "1/2-1/2"]
[WhiteElo "2345"]
[BlackElo "2390"]

1.c4 c5 2.Nf3 Nf6 3.Nc3 b6 4.g3 Bb7 5.Bg2 g6 6.O-O Bg7 7.d4 cxd4 8.Nxd4 Bxg2
9.Kxg2 O-O 10.e4 Qc7 11.b3 Nxe4 12.Nxe4 Qe5 13.Qf3 Qxd4 14.Be3 Qe5 15.Nf6+ Bxf6
16.Qxa8 Nc6 17.Qb7 Qe4+ 18.Kg1 Bxa1 19.Rxa1 Qg4 20.Kg2 h5 21.h3 Qe4+ 22.Kg1 h4
23.gxh4 Qe6 24.Kg2 Qd6 25.Rg1 Rb8 26.Qa6 b5 27.cxb5 Qd5+ 28.Kh2 Ne5 29.Rc1 Rxb5
30.Qc8+ Kh7 31.Qf8 Nc6 32.Rc4 Qd6+ 33.Kg1 Rf5 34.Rg4 Ne5 35.Qh6+ Kg8 36.Rg3 Qd1+
37.Kg2 Qd5+ 38.Kg1 Qd1+ 39.Kg2 Qd5+ 40.Kf1 Qb5+ 41.Kg2 Qc6+ 42.Kf1 Nf3 43.a4 Qf6
44.h5 Qa6+ 45.Kg2 Nh4+ 46.Kh2 Qf6 47.hxg6 fxg6 48.Rg4 Nf3+ 49.Kg2 Ne5 50.Bd4 Qc6+
51.Kf1 Qa6+ 52.Kg2 Qc6+ 53.Kf1 Qa6+ 54.Kg1 Nf3+ 55.Kg2 Ne1+ 56.Kg1 Nf3+ 57.Kg2 Ne1+
58.Kg3 Qd3+ 59.Kh2 Nf3+ 60.Kg2 Ne1+ 61.Kh2 Nf3+  1/2-1/2

[Event "Alushta op"]
[Site "Alushta"]
[Date "1993.??.??"]
[Round "?"]
[White "Hasanov, Marat"]
[Black "Tunik, Gennady"]
[Result "0-1"]
[WhiteElo "2335"]
[BlackElo "2465"]

1.c4 c5 2.Nf3 b6 3.Nc3 Nf6 4.e3 g6 5.d4 Bg7 6.Be2 O-O 7.d5 e6 8.e4 exd5 9.e5 Ne4
10.Nxd5 Nc6 11.Qd3 f5 12.exf6 Nxf6 13.Bg5 Bb7 14.Rd1 Rf7 15.O-O Rc8 16.Rfe1 Ba8
17.Bf1 Qf8 18.Bh4 Nxd5 19.cxd5 Rxf3 20.Qxf3 Qxf3 21.gxf3 Nd4 22.Rxd4 Bxd4
23.Bc4 b5 24.Bxb5 Bxd5 25.Bxd7 Rc7 26.Re7 Kh8 27.b3 Bxf3 28.Bg5 h5 29.Re8+ Kg7
30.Re7+ Kf8 31.Re8+ Kf7 32.Re7+ Kf8 33.Re8+ Kf7 34.Re7+ Kf8  0-1

[Event "Alushta3"]
[Site "Alushta"]
[Date "1993.??.??"]
[Round "?"]
[White "Savon, Vladimir A"]
[Black "Fominyh, Alexander"]
[Result "1/2-1/2"]
[WhiteElo "2450"]
[BlackElo "2515"]

1.c4 Nf6 2.Nc3 c5 3.Nf3 e6 4.e4 Nc6 5.Be2 Qc7 6.O-O Ng4 7.g3 Nge5 8.Nxe5 Qxe5
9.d3 Qc7 10.Nb5 Qb8 11.b3 a6 12.Na3 Be7 13.Bb2 Bf6 14.Bxf6 gxf6 15.Nc2 Qd6
16.Qd2 h5 17.h4 b6 18.Rfd1 Bb7 19.d4 cxd4 20.Nxd4 Nxd4 21.Qxd4 Qxd4 22.Rxd4 Ke7
23.f3 Ra7  1/2-1/2

[Event "Andorra op"]
[Site "Andorra"]
[Date "1993.??.??"]
[Round "8"]
[White "Sher, Miron N"]
[Black "Suba, Mihai"]
[Result "0-1"]
[WhiteElo "2535"]
[BlackElo "2500"]

1.c4 Nf6 2.Nc3 c5 3.Nf3 e6 4.e3 b6 5.d4 cxd4 6.exd4 Bb7 7.a3 d6 8.d5 e5 9.Be2 Nbd7
10.O-O Be7 11.b4 O-O 12.Nd2 Ne8 13.Nb3 Bg5 14.Bb2 f5 15.a4 Rf6 16.a5 Rb8
17.axb6 axb6 18.Nb5 Rh6 19.g3 f4 20.Nd2 fxg3 21.hxg3 Bxd2 22.Qxd2 Ndf6 23.Kg2 Nc7
24.Nxc7 Qxc7 25.b5 Rf8 26.f3 Qf7 27.Qe3 Nh5 28.Bd3 Bc8 29.Rh1 Bf5 30.Kf2 Qg6
31.g4 Bxd3 32.gxh5 Qf5 33.Rh4 Rxh5 34.Rah1 Rxh4 35.Rxh4 Ra8 36.Kg3 Ra2 37.Qd2 g5
38.Rg4 h6 39.Kf2 Kh7 40.Ke3 h5  0-1

[Event "AUT-chT"]
[Site "?"]
[Date "1993.??.??"]
[Round "?"]
[White "Stohl, Igor"]
[Black "Jurek, Josef"]
[Result "1-0"]
[WhiteElo "2560"]
[BlackElo "2305"]

1.c4 Nf6 2.Nc3 c5 3.Nf3 e6 4.g3 b6 5.Bg2 Bb7 6.O-O a6 7.Re1 d6 8.e4 e5 9.Nh4 g6
10.d3 Nc6 11.f4 Be7 12.Nd5 Nd7 13.Nf3 O-O 14.Bh3 Bc8 15.Rf1 exf4 16.Bxf4 Nde5
17.Nxe5 Nxe5 18.Bxc8 Rxc8 19.Bxe5 dxe5 20.Qa4 Ra8 21.Qc6 Rb8 22.Rf2 Kg7 23.Raf1 Bg5
24.Kg2 Be7 25.a3 a5 26.h4 Kg8 27.Rf3 Kg7 28.R1f2 Kg8 29.h5 Kg7 30.Kf1 Bg5
31.Ke2 Be7 32.g4 Bg5 33.Rh3 Rc8 34.Qb7 Rb8 35.Qc6 Rc8 36.Qxb6 Rb8 37.Qxc5 Rxb2+
38.Kf3 Rb3 39.Ke2 a4 40.hxg6 hxg6 41.Rfh2 Rb2+ 42.Kf3 Rxh2 43.Rxh2 Rh8 44.Qg1 Rxh2
45.Qxh2 Bf4 46.Nxf4 exf4 47.Qb2+ Kh7 48.Qc2 Qb6 49.c5 Qb3 50.Qc4 g5 51.e5 Qd1+
52.Ke4 Kg6 53.Qa6+ Kh7 54.Qf6 Qe2+ 55.Kf5 Qxd3+ 56.Kxg5 f3 57.Qxf7+ Kh8 58.e6 f2
59.Qxf2  1-0